000 00345nam a2200145Ia 4500
008 230917s9999||||xx |||||||||||||| ||und||
040 _e18723
_aMAIN
041 _aEnglish
082 _a519.5 Y42I
100 _aYeomans, K A
245 0 _aIntroducing statistics, V1
260 _aLondon
_bPenguin Books
_c1968
300 _a258 p.
942 _cBK
999 _c89513
_d89513